000 00672nam a2200289Ia 4500
005 20260324121833.0
008 008 260324s9999 xx 000 0 eng d
020 _a9781003552253
037 _aEBOOK
040 _aCRL
040 _beng
040 _cCRL
041 _2eng
041 _aeng
084 _qCRL
100 _aMichael Burden
_91163926
245 0 _aLondon Opera Observed 1711-1844, Volume I
245 0 _b1711-1763
260 _bTaylor and Francis
260 _c2013
365 _a
365 _b67.99
856 _uhttp://www.taylorfrancis.com/books/9781003552253
942 _cEBOOK
999 _c1756415
_d1756415